Statystyki dla Najczęściej używane języki na ziemi

Kliknij tutaj aby rozwiązać quiz!

Ogólne statystyki

  • Ten quiz został rozwiązany 58 razy
  • Średni wynik to 7 z 11

Statystyki odpowiedzi

HintOdpowiedź% Poprawnych
4,6%Angielski
100%
12,2%Chiński
96%
5,8%Hiszpański
93%
2,3%Rosyjski
89%
2,8%Portugalski
76%
1,7%Japoński
72%
3,6%Arabski
67%
3,6%Hindi
52%
2,6%Bengalski
20%
1,2%Jawajski
4%
1,2%Zachodniopendżabski
0%

Rozkład punktacji

Percentyl według liczby udzielonych odpowiedzi

Procent ludzi z każdym wynikiem

Twoja historia wyników

Nie rozwiązałeś tego quizu